Państwa kończące się na -na - Statystyki

Ogólne statystyki
  • Ten quiz został rozwiązany 460 razy
    428 od ostatniego zresetowania
  • Średni wynik to 5 z 10
Statystyki odpowiedzi
Kontynent Państwo % Poprawnych
Ameryka Południowa Argentyna
78%
Europa Ukraina
77%
Ameryka Południowa Gujana
56%
Ameryka Północna Dominikana
53%
Europa Bośnia i Hercegowina
49%
Afryka Botswana
43%
Afryka Ghana
43%
Australia i Oceania Wyspy Salomona
39%
Europa Macedonia Północna
36%
Azja Korea Północna
35%
Nie znaleziono quizów pasujących do podanych kryteriów
Rozkład punktacji
Procent ludzi z każdym wynikiem
Percentyl według liczby udzielonych odpowiedzi
Twoja historia wyników
Nie rozwiązałeś tego quizu od ostatniego zresetowania